| 000 | 00559nam a22001937a 4500 | ||
|---|---|---|---|
| 999 |
_c2975 _d2975 |
||
| 003 | AR-CdUCM | ||
| 008 | 190305b ||||| |||| 00| 0 spa d | ||
| 040 |
_aMUNICIPALIDAD PROVINCIAL DEL CUSCO _cBIBLIOTECA MUNICIPAL DEL CUSCO |
||
| 082 |
_a858.9 / _bM19 |
||
| 100 |
_aMalaparte, Curzio _910168 |
||
| 245 | _aHistoria de mañana / | ||
| 260 |
_aBarcelona : _bLos Libros de nuestro tiempo, _c1949. |
||
| 300 |
_a139 páginas ; _c22 cm. |
||
| 650 |
_aNovela _95 |
||
| 650 |
_aNarrativa _967 |
||
| 650 |
_aLiteratura _983 |
||
| 942 |
_2ddc _cLIBROS |
||
| 945 | _admma | ||